MARC
|
|
|
|
| LEADER |
00000nam0a2200000 4500 |
| 001 |
149845 |
| 005 |
20231031150031.0 |
| 010 |
|
|
|a 5265004696
|
| 035 |
|
|
|a (RuTPU)RU\TPU\book\162450
|
| 090 |
|
|
|a 149845
|
| 100 |
|
|
|a 20081223d1988 m y0rusy50 ca
|
| 101 |
0 |
|
|a rus
|
| 102 |
|
|
|a RU
|
| 105 |
|
|
|a c z 000ay
|
| 200 |
1 |
|
|a Избранное
|e роман, повести, рассказы
|f С. В. Смоляницкий
|g авт. предисл. Г. Злобин ; худож. Д. Шимилис
|
| 210 |
|
|
|a Москва
|c Советский писатель
|d 1988
|
| 215 |
|
|
|a 672 с.
|c портр.
|
| 610 |
1 |
|
|a советская литература
|
| 610 |
1 |
|
|a романы
|
| 610 |
1 |
|
|a повести
|
| 610 |
1 |
|
|a рассказы
|
| 675 |
|
|
|a Р2
|v 3
|
| 700 |
|
1 |
|a Смоляницкий
|b С. В.
|g Соломон Влдадимирович
|
| 702 |
|
1 |
|a Злобин
|b Г.
|4 080
|
| 702 |
|
1 |
|a Шимилис
|b Д.
|4 440
|
| 801 |
|
1 |
|a RU
|b 63413507
|c 20081223
|g PSBO
|
| 942 |
|
|
|c BK
|